000 00831nac a22002051u 4500
008 100902t xxu||||| |||| 00| 0 eng d
020 _a0582909872
082 _a621.436
_bWEL
100 _aWellington, B. F.
_917798
245 1 0 _aDiesel Engines and Fuel Systems /
_cBarry Wellington and Allan Asmus
250 _a4th ed.
260 _aMelbourne :
_bLongman Australia,
_c1995.
300 _a585 p. :
_bill. ;
_c26 cm.
500 _aPrevious ed.: London: Pitman, 1991.
500 _aIncludes index.
650 0 _aDiesel motor
_xFuel systems.
_917799
700 1 _aAsmus, A. F.
_q(Alan F.)
_917800
942 _cBB
_k621.436WEL
_2ddc
999 _c4405
_d4405